| 000 | 00558nam a2200169Ia 4500 | ||
|---|---|---|---|
| 008 | 090201s9999 xx 000 0 und d | ||
| 010 | _aKPL-18188 | ||
| 040 | _bमराठी | ||
| 041 | _aमराठी | ||
| 082 |
_a6822 _b18188 |
||
| 100 | _aशं श्री देव | ||
| 245 |
_aश्री समर्थांची शिकवण _cशं श्री देव |
||
| 260 |
_c2004 _bशं.श्री.देव |
||
| 300 |
_a117 _bमोठा |
||
| 600 | _aश्री समर्थांची शिकवण | ||
| 942 | _cBOOK | ||
| 999 |
_c207612 _d207612 |
||